000 01191nam a2200313 i 4500
001 000017721
003 DO-SdBNP
005 20250704093159.0
007 ta
008 100330s1994 dr 000 0 spa d
040 _aDO-SdBNP
_bspa
_cBNPHU
_erda
041 _aspa
082 4 _a923.27293
_bB719g
_222
100 _aGonzález, Raymundo,
_eautor
_4aut.
_96373
245 1 0 _aBonó, un intelectual de los pobres /
_cRaymundo González.
264 4 _aSanto Domingo, República Dominicana :
_bCentro de Estudios Sociales Padre Juan Montalvo,
_bEditora Búho,
_c©1994.
300 _a156 páginas ;
_c22 cm.
336 _atexto
_btxt
_2rdacontent
337 _asin mediación
_bn
_2rdamedia
338 _avolumen
_bnc
_2rdacarrier
500 _aIncluye referencias bibliográficas y notas al pie de las páginas
590 _aInventariado, 2025/BT
600 1 4 _aBonó, Pedro Franco,
_d1828-1906
_xPensamiento político y social
_984643
650 4 _aLiberalismo
_zRepública Dominicana
_938571
651 4 _aRepública Dominicana
_xCondiciones económicas
_9281
651 4 _aRepública Dominicana
_xCondiciones sociales
_946
910 _aValidado. Control de calidad MFF
942 _2ddc
_cLBS1
999 _c17246
_d17246